Responses for show #7643 - Wednesday, November 29, 2017

Contestants

Shawn Adler, a high school English teacher from Hackensack, New Jersey

Missy Meyer, a graphic designer from Gilbert, Arizona

Matt Preston, an assets protection leader from Harvest, Alabama (whose 1-day cash winnings total $20,799)

Jeopardy! Round responses

I GET A KICK OUT OF HISTORY
TV SETTINGS
SPOT CHECK
NUMBERS AS WORDS
THE SHOE MUST GO ON
BILDUNGSROMAN
    $200 6
a Crusade

Shawn
    $200 1
Orange is the New Black

Shawn
    $200 21
a sunspot

Matt
    $200 16
(Missy: What is 360?)

180

MissyShawn
    $200 11
Adidas

Matt
    $200 26
Emma

Triple Stumper
    $400 7
World War I

Shawn
    $400 2
Deadwood

Triple Stumper
    $400 22
raisins

Missy
    $400 17
007

Missy
    $400 12
Crocs

Matt
    $400 27
(Shawn: What is On Human Bondage?)

Of Human Bondage

Shawn
Triple Stumper
    $600 8
a grenade

Matt
    $600 3
Firefly

Shawn
    $600 23
Lady Macbeth

Shawn
    $600 18
101

Matt
    $600 13
(Missy: What is Dr. Marten?)
[Originally ruled correct; ruled incorrect during contestant interviews]

Doc Martens

Missy
Triple Stumper
    $600 28
Horatio Alger

Triple Stumper
    $800 9
wampum

Triple Stumper
    $800 4
The Good Fight

Triple Stumper
    $800 24
The Ink Spots

Missy
    $800 19
86

Missy
    $800 14
Manolo Blahnik

Triple Stumper
    $800 29
[The end-of-round signal sounds.]

Ender's Game

Matt
    $1,000 10
(Matt: Who is... Polk?)

Abraham Lincoln

Matt
    $1000 5
(Matt: [Sighs])

Claws

Matt
Triple Stumper
    $1000 25
(Alex: With less than a minute now.)

a mushroom

Missy
    $1000 20
1337

Missy
    $1000 15
(Missy: What is Clarks?)

Florsheim

Missy
Triple Stumper

Scores at the first commercial break (after clue 15):

Matt Missy Shawn
-$800 -$1,600 $1,400

Scores at the end of the Jeopardy! Round:

Matt Missy Shawn
$800 $2,600 $1,800

Double Jeopardy! Round responses

GAME OF DRONES
CAPITALS IN OCEANIA
MOTOWN LYRICS
"H"2"O"
SCIENCE & NATURE
BUILDING, ROMAN
    $400 7
the FAA

Shawn
    $400 2
(Matt: What is Auckland?)
(Missy: What is Christchurch?)

Wellington

MattMissy
Triple Stumper
    $400 18
a rolling stone

Missy
    $400 1
hooky

Shawn
    $400 10
glaciers

Matt
    $400 15
St. Peter's

Matt
    $800 8
insurance

Shawn
    $2,000 13
an atoll

Matt
    $800 19
you can't hurry love

Missy
    $800 3
a hookah

Missy
    $800 24
the ozone layer

Missy
    $800 22
a temple

Triple Stumper
    $1200 9
quadcopters

Shawn
    $1200 14
Kingston

Shawn
    $1200 20
"My Cherie Amour"

Matt
    $1200 4
hooch

Matt
    $1200 25
the komodo dragon

Shawn
    $1200 23
Hadrian

Triple Stumper
    $1600 11
a flight simulator

Missy
    $1600 16
Pago Pago

Missy
    $1600 21
you'd better shop around

Triple Stumper
    $1600 5
a hootenanny

Matt
    $1600 26
the aorta

Matt
    $1600 28
the Pantheon

Triple Stumper
    $2000 12
cloud seedings

Matt
    $2000 17
Papeete

Triple Stumper
    $2000 30
(Alex: Great song by Martha and The Vandellas.)

like a heat wave

Triple Stumper
    $2000 6
hooligans

Matt
    $2000 27
(Alex: From guano.)

guanine

Triple Stumper
    $2,000 29
(Matt: Oh, man. What is the Tiber River?)

the Tagus

Matt

Scores at the end of the Double Jeopardy! Round:

Matt Missy Shawn
$10,800 $8,200 $7,000

[wagering suggestions for these scores]

Final Jeopardy! Round responses

FAMILIAR PHRASES
ShawnWhat is a radical
$7,000
MissyWhat is a fringe element
$5,801
MattWhat is end of your rope
$5,601
a lunatic fringe

Final scores:

Matt Missy Shawn
$5,199 $2,399 $0
2-day champion: $25,998 2nd place: $2,000 3rd place: $1,000

Game dynamics:

Coryat scores:

Matt Missy Shawn
$12,600 $8,200 $7,000
15 R
(including 1 DD),
4 W
(including 2 DDs)
12 R,
4 W
12 R,
1 W

Combined Coryat: $27,800

The J! Archive is created by fans, for fans. The Jeopardy! game show and all elements thereof, including but not limited to copyright and trademark thereto, are the property of Jeopardy Productions, Inc. and are protected under law. This website is not affiliated with, sponsored by, or operated by Jeopardy Productions, Inc. Join the discussion at JBoard.tv.